2008/2009 District Allocation Budget and Project details of GOK for the year Ending 30th June 2009 (Record no. 964)

MARC details
000 -LEADER
fixed length control field 00433nam a22001217a 4500
008 - FIXED-LENGTH DATA ELEMENTS--GENERAL INFORMATION
fixed length control field 230609b xxu||||| |||| 00| 0 eng d
082 ## - DEWEY DECIMAL CLASSIFICATION NUMBER
Classification number 354.676
Item number GOK
110 ## - MAIN ENTRY--CORPORATE NAME
Subordinate unit GOK
245 ## - TITLE STATEMENT
Title 2008/2009 District Allocation Budget and Project details of GOK for the year Ending 30th June 2009
Remainder of title Vote R20 and D20
Statement of responsibility, etc. Ministry of water and irrigation
260 ## - PUBLICATION, DISTRIBUTION, ETC. (IMPRINT)
Place of publication, distribution, etc. Kenya
Name of publisher, distributor, etc. Ministry of water and irrigation
Date of publication, distribution, etc. June 2009
300 ## - PHYSICAL DESCRIPTION
Extent 218p
942 ## - ADDED ENTRY ELEMENTS (KOHA)
Source of classification or shelving scheme Dewey Decimal Classification
Koha item type Books
Holdings
Withdrawn status Lost status Source of classification or shelving scheme Damaged status Not for loan Home library Current library Date acquired Total Checkouts Full call number Barcode Date last seen Price effective from Koha item type
    Dewey Decimal Classification     Bunge Tower Library Bunge Tower Library 06/09/2023   354.676 GOK 100001468 06/09/2023 06/09/2023 Books
LIBRARY OPENING HOURS

When the Parliament is sitting: 8.00a.m - 7.00p.m or until the house adjourns
Mondays and Fridays and when the House is on Recess:  8.00a.m - 5.00p.m
Closed on Weekends and Public Holidays

Online Public Access Catalog (OPAC)
Website: http://www.parliament.go.ke
Bunge Library: https://libraryir.parliament.go.ke
Contact: library@parliament.go.ke | Tel no: (254-2)2221291 or 2848000 Ext 5043